Famous Filipinos - Statistics

General Stats
  • This quiz has been taken 1,152 times
  • The average score is 5 of 12
Answer Stats
Hint Answer % Correct
Famous Boxer Manny Pacquiao
95%
Dictator Ferdinand Marcos
82%
Theatre Actress Lea Salonga
71%
Miss World 2013 Megan Young
64%
Black Eyed Peas member apl de ap
60%
People Power Heroine Corazon Aquino
60%
Youtube sensation Charice
24%
Asia's Nobel Prize was named after him Ramon Magsaysay
10%
Steel Butterfly Imelda Marcos
7%
BBC News Anchor Rico Hizon
4%
Lingerie fasion designer Josie Natori
2%
Al Jazeera News Anchor Veronica Pedrosa
2%
No matching quizzes found
Score Distribution
Percent of People with Each Score
Percentile by Number Answered
Your Score History
You have not taken this quiz